| 000 | 00813nas a2200265 4500 | ||
|---|---|---|---|
| 001 | BR2010004694 | ||
| 003 | BR-BrBNA | ||
| 005 | 20231205114305.0 | ||
| 007 | ta | ||
| 008 | 230509b bl.|||p| |||| 00| 00por d | ||
| 040 |
_aBR-BrBNA _bpor _cBiblioteca Nacional de Agricultura |
||
| 041 | _a(En) | ||
| 072 | _aL72 | ||
| 100 | 1 | _aMinho, A.P. | |
| 100 | 1 | _aFilippsen, L.F. | |
| 100 | 1 | _aAmarante, A.F.T. do | |
| 100 | 1 | _aAbdalla, A.L. | |
| 245 | 1 | _aEfficacy of condensed tannin presents in acacia extract on the control of Trichostrongylus colubriformis in sheep | |
| 650 | _aOVINO | ||
| 650 | _aNEMATÓIDE | ||
| 650 | _aTANINO | ||
| 773 | 0 |
_tCiência Rural (Brazil) _xISSN 0103-8478 _g(Jun 2010), v. 40(6) p. 1360-1365 _wBR2010004694 |
|
| 909 |
_a202311 _bLúcia _c55 _dLúcia Elande |
||
| 942 |
_2AGRIS _n0 _cANA |
||
| 999 |
_c208055 _d208055 |
||